Normal view
MARC view
- Geer, Philip
Entry Personal Name
001 - CONTROL NUMBER
- control field: 95314
003 - CONTROL NUMBER IDENTIFIER
- control field: NUST
005 - DATE AND TIME OF LATEST TRANSACTION
- control field: 20220726155756.0
008 - FIXED-LENGTH DATA ELEMENTS
- fixed length control field: 220726|| aca||aabn | a|a d
040 ## - CATALOGING SOURCE
- Original cataloging agency: NUST
- Transcribing agency: NUST
100 ## - HEADING--PERSONAL NAME
- Personal name: Geer, Philip
670 ## - SOURCE DATA FOUND
- Source citation: Work cat.: (NUST)0: Geer, Philip., Essential words for the GRE
